[Event "Budapest FS02 Development"]
[Site "Budapest"]
[Date "2018.02.10"]
[Round "7"]
[White "Nagy, Gyorgy1111"]
[Black "Vinnay, Istvan"]
[Result "1-0"]
[WhiteElo "1720"]
[BlackElo "1682"]
[PlyCount "61"]
[EventDate "2018.02.03"]
[EventType "tourn"]
[EventRounds "10"]
[EventCountry "HUN"]
[SourceTitle "CBM 182 Extra"]
[Source "ChessBase"]
[SourceDate "2018.02.23"]
[SourceVersion "1"]
[SourceVersionDate "2018.02.23"]
[SourceQuality "1"]

1. d4 d5 2. c4 c6 3. Nf3 Nf6 4. Nc3 h6 5. Bf4 Bf5 6. e3 e6 7. Qb3 Qb6 8. Qxb6 axb6 9. Be2 Nbd7 10. 0-0 Be7 11. a3 0-0 12. Nd2 dxc4 13. Nxc4 Nd5 14. Nxd5 exd5 15. Nd6 Bxd6 16. Bxd6 Rfc8 17. Rac1 b5 18. Bc5 Ra6 19. g4 Be6 20. Rc3 Nxc5 21. Rxc5 Raa8 22. Rfc1 Rf8 23. Kg2 f5 24. h3 Rf7 25. Kg3 Raf8 26. f4 g5 27. Rf1 gxf4+ 28. Rxf4 Rg7 29. Rc1 fxg4 30. Rxf8+ Kxf8 31. Rf1+ 1-0

[Event "Budapest FS02 Development"]
[Site "Budapest"]
[Date "2018.02.09"]
[Round "6"]
[White "Vinnay, Istvan"]
[Black "Zsatkovics, Endre"]
[Result "0-1"]
[WhiteElo "1682"]
[BlackElo "1730"]
[PlyCount "54"]
[EventDate "2018.02.03"]
[EventType "tourn"]
[EventRounds "10"]
[EventCountry "HUN"]
[SourceTitle "CBM 182 Extra"]
[Source "ChessBase"]
[SourceDate "2018.02.23"]
[SourceVersion "1"]
[SourceVersionDate "2018.02.23"]
[SourceQuality "1"]

1. c4 Nf6 2. Nc3 d5 3. cxd5 Nxd5 4. g3 g6 5. Bg2 c6 6. Nf3 Bg7 7. 0-0 0-0 8. d4 Qa5 9. Bd2 Nxc3 10. Bxc3 Qh5 11. Re1 Bh3 12. Qb3 b6 13. Nd2 Bxg2 14. Kxg2 Nd7 15. Nf3 Rac8 16. Qa3 e5 17. dxe5 g5 18. h3 Rfe8 19. Rac1 a5 20. Qd6 Nc5 21. Qd4 Red8 22. Qe3 h6 23. b3 Qg6 24. Red1 Re8 25. Ba1 f5 26. Rd6 Qxd6 27. exd6 Rxe3 0-1

[Event "Budapest-chT1 Lilienthal 1718"]
[Site "Budapest"]
[Date "2018.01.21"]
[Round "7"]
[White "Karacsonyi, Kata"]
[Black "Vinnay, Istvan"]
[Result "1/2-1/2"]
[WhiteElo "1763"]
[BlackElo "1689"]
[PlyCount "65"]
[EventDate "2017.10.01"]
[EventType "team-tourn"]
[EventRounds "13"]
[EventCountry "HUN"]
[SourceTitle "EXT 2021"]
[Source "ChessBase"]
[SourceDate "2020.10.23"]
[SourceVersion "1"]
[SourceVersionDate "2020.10.23"]
[SourceQuality "1"]
[WhiteTeam "Aquarena III"]
[BlackTeam "Budapest Ujpest KSE"]
[WhiteTeamCountry "HUN"]
[BlackTeamCountry "HUN"]

1. e4 c5 2. Nf3 e6 3. d4 cxd4 4. Nxd4 Nf6 5. Nc3 d6 6. Bg5 Be7 7. f3 a6 8. Qd2 Nc6 9. 0-0-0 h6 10. Be3 Qc7 11. g4 Bd7 12. h4 0-0-0 13. Na4 Nxd4 14. Qxd4 Bxa4 15. Qxa4 Nd7 16. Rd3 Nc5 17. Bxc5 dxc5 18. a3 Rxd3 19. Bxd3 Bf6 20. Kb1 Rd8 21. h5 Rd4 22. Qe8+ Rd8 23. Qa4 Qe5 24. Qb3 b5 25. Qc3 Qxc3 26. bxc3 Bxc3 27. Rd1 e5 28. Be2 Rxd1+ 29. Bxd1 a5 30. Be2 b4 31. a4 Kc7 32. Bc4 f6 33. Kc1 1/2-1/2

[Event "Budapest FS02 FM-B"]
[Site "Budapest"]
[Date "2010.02.08"]
[Round "3"]
[White "Vinnay, Istvan"]
[Black "Hetesi, Zoltan"]
[Result "1/2-1/2"]
[WhiteElo "1794"]
[BlackElo "1528"]
[PlyCount "32"]
[EventDate "2010.02.06"]
[EventType "tourn"]
[EventRounds "9"]
[EventCountry "HUN"]
[SourceTitle "CBM 135 Extra"]
[Source "ChessBase"]
[SourceDate "2010.05.04"]
[SourceVersion "1"]
[SourceVersionDate "2010.05.04"]
[SourceQuality "1"]

1. c4 e5 2. Nc3 c6 3. Nf3 d6 4. d4 exd4 5. Nxd4 Nf6 6. e4 d5 7. exd5 cxd5 8. h3 Bc5 9. Be2 0-0 10. 0-0 Nc6 11. Nb3 Bb6 12. Bg5 d4 13. Nd5 h6 14. Bxf6 gxf6 15. Qd2 Kh7 16. Bd3+ Kg7 1/2-1/2

[Event "Budapest FS08 FM-C"]
[Site "Budapest"]
[Date "2009.08.04"]
[Round "4"]
[White "Vinnay, Istvan"]
[Black "Szoukup, Istvan"]
[Result "1/2-1/2"]
[WhiteElo "1819"]
[BlackElo "1783"]
[PlyCount "56"]
[EventDate "2009.08.01"]
[EventType "tourn"]
[EventRounds "13"]
[EventCountry "HUN"]
[SourceTitle "CBM 131 Extra"]
[Source "ChessBase"]
[SourceDate "2009.09.03"]
[SourceVersion "2"]
[SourceVersionDate "2009.09.16"]
[SourceQuality "1"]

1. c4 e5 2. Nc3 Nf6 3. g3 d5 4. cxd5 Nxd5 5. Bg2 Nb6 6. d3 Be7 7. Nf3 Nc6 8. 0-0 0-0 9. a3 Be6 10. Be3 f6 11. Rc1 Nd4 12. Nd2 c6 13. f4 Nf5 14. Bf2 exf4 15. gxf4 Nd5 16. Nxd5 cxd5 17. e4 dxe4 18. dxe4 Nd4 19. Re1 Qd7 20. Nf3 Nxf3+ 21. Qxf3 Bg4 22. Qe3 b6 23. b4 Rac8 24. h3 Bh5 25. Rxc8 Rxc8 26. Rc1 Rxc1+ 27. Qxc1 Qd1+ 28. Qxd1 Bxd1 1/2-1/2

[Event "Budapest FS08 FM-C"]
[Site "Budapest"]
[Date "2009.08.01"]
[Round "1"]
[White "Vinnay, Istvan"]
[Black "Mihajlova, Diana"]
[Result "1-0"]
[WhiteElo "1819"]
[BlackElo "1527"]
[PlyCount "31"]
[EventDate "2009.08.01"]
[EventType "tourn"]
[EventRounds "13"]
[EventCountry "HUN"]
[SourceTitle "CBM 131 Extra"]
[Source "ChessBase"]
[SourceDate "2009.09.03"]
[SourceVersion "2"]
[SourceVersionDate "2009.09.16"]
[SourceQuality "1"]

1. c4 e5 2. Nc3 Nc6 3. g3 f5 4. Bg2 Nf6 5. d3 Be7 6. e3 f4 7. exf4 0-0 8. Nge2 d6 9. 0-0 Bg4 10. Qd2 Bxe2 11. Nxe2 Qe8 12. a3 Rd8 13. b4 b6 14. Bb2 exf4 15. Nxf4 Nd7 16. Bxc6 1-0